000 00574nam a22001937a 4500
999 _c131041
_d131041
005 20230705104254.0
008 230705b ||||| |||| 00| 0 eng d
020 _a9788130912622
040 _cPK-LaUMT
082 _a616.07560668
_bMED-
245 _aMedical laboratories management :
_bcost-effective methods /
_cby Sangeeta Sharma . . . [et al.]
260 _aNew Delhi :
_bViva Books,
_c2010
300 _a232 p.
650 _aMedical laboratories-Management
700 _aAgarwal, Rachna
700 _aSujata Chaturvedi
700 _aThakur, Rajeev
942 _cBK